000 00304nam a2200145Ia 4500
008 220923s9999 xx 000 0 und d
082 _bPAN
100 _aPANDEY, D.N.R.
245 0 _aLIMITATION ACT
250 _a16TH
260 _c2013
300 _a155
650 _aLimitation Act
942 _cBK
999 _c195737
_d195737